| 000 | 00469nam a22001817a 4500 | ||
|---|---|---|---|
| 003 | NUST - PNEC | ||
| 005 | 20170116181123.0 | ||
| 008 | 151005b xxu||||| |||| 00| 0 eng d | ||
| 020 | _a8122418414 | ||
| 020 | _a9788122418415 | ||
| 040 | _cLIBRARY | ||
| 082 | _a671.23 DAT | ||
| 100 |
_913565 _aDatta, G. L. |
||
| 245 |
_aFoundry moulding materials and pollution _cG. L. Datta |
||
| 260 | _cc. 2010 | ||
| 650 |
_913568 _aMolding materials _xME |
||
| 942 |
_2ddc _cBK |
||
| 999 |
_c69635 _d69635 |
||